Saber ambiental (Registro nro. 63692)

Detalles MARC
000 -ENCABEZADO
Número de control [NR] 01094nam a2200289Ia 4500
005 - FECHA Y HORA DE LA ÚLTIMA TRANSACCIÓN
control field 20240222140830.0
008 - DE LONGITUD FIJA DE DATOS DE ELEMENTOS - INFORMACIÓN GENERAL
Elementos de longitud fija [NR] 130821s2007 mx gr spa
020 ## - NUMERO INTERNACIONAL NORMALIZADO PARA LIBROS [R]
Número Internacional Normalizado del libro [NR] 9682324025
020 ## - NUMERO INTERNACIONAL NORMALIZADO PARA LIBROS [R]
Número Internacional Normalizado del libro [NR] 9789682324024
040 ## - FUENTE DE CATALOGACION [NR]
Agencia de catalogación original [NR] Co-BoUCM
Idioma de catalogación [NR] spa
Quien Cataloga David Moreno (modificó)
Quien Clasifica David Moreno (modificó)
041 00 - CODIGO DE IDIOMA [R]
Código de idioma para texto/pista de sonido o título separado [R] Español
100 1# - ASIENTO PRINCIPAL--NOMBRE PERSONAL [NR]
Nombre personal [NR] Leff , Enrique
ID Autoridad 157262
245 10 - MENCION DE TITULO [NR]
Título [NR] Saber ambiental
Parte restante del título [NR] sustentabilidad, racionalidad,complejidad, poder
Mención de responsabilidad, etc. [NR] Enrique Leff
250 ## - MENCION DE EDICION [NR]
Mención de edición [NR] 5a. ed.
260 ## - PUBLICACION, DISTRIBUCION, ETC. (PIE DE IMPRENTA) [R]
Lugar de publicación, distribución, etc. [R] México D.F. (México)
Nombre del editor, distribuidor, etc. [R] Siglo XXI Editores
Fecha de publicación, distribución, etc. [R] 2007
300 ## - DESCRIPCION FISICA [R]
Extensión [R] 414 Páginas
490 #0 - MENCION DE SERIE [R]
Mención de serie [R] Ambiente y Democracia
650 17 - ASIENTO SECUNDARIO DE MATERIA - TERMINO TEMATICO [R]
Término temático o nombre geográfico como elemento de entrada [NR] Desarrollo sostenible
9 (RLIN) 12992
650 17 - ASIENTO SECUNDARIO DE MATERIA - TERMINO TEMATICO [R]
Término temático o nombre geográfico como elemento de entrada [NR] Ecología humana
9 (RLIN) 13643
650 17 - ASIENTO SECUNDARIO DE MATERIA - TERMINO TEMATICO [R]
Término temático o nombre geográfico como elemento de entrada [NR] Medio ambiente
9 (RLIN) 19225
650 17 - ASIENTO SECUNDARIO DE MATERIA - TERMINO TEMATICO [R]
Término temático o nombre geográfico como elemento de entrada [NR] Política ambiental
9 (RLIN) 21917
650 17 - ASIENTO SECUNDARIO DE MATERIA - TERMINO TEMATICO [R]
Término temático o nombre geográfico como elemento de entrada [NR] Protección del medio ambiente
9 (RLIN) 22643
710 2# - ASIENTO SECUNDARIO - NOMBRE CORPORATIVO [R]
Nombre corporativo o de jurisdicción como elemento de entrada [NR] Centro de Investigaciones interdisciplinarias en Ciencias y Humanidades. UNAM
9 (RLIN) 180067
710 2# - ASIENTO SECUNDARIO - NOMBRE CORPORATIVO [R]
Nombre corporativo o de jurisdicción como elemento de entrada [NR] Programa de Naciones Unidas para el medio ambiente. PNUMA
9 (RLIN) 180068
942 ## - ELEMENTOS DE ENTRADA AGREGADOS (KOHA)
Tipo de ítem principal el descrito en 300a Libro
Tema principal Economía
Edición 5
Parte restante de la signatura top. L493s
Sistema de clasificación DEWEY
Clasificación 333.72
Título oculto en OPAC No
Existencias
Fecha de último préstamo Total préstamos Signatura topográfica Código de barras Última vez visto Volúmen / Fascículo Ejemplar Price effective from Tipo de ítem Perdido Sistema de clasificación Dañado No prestable Tipo de ítem específico Suprimido Ubicación habitual Ubicación actual Localización Fecha de creación Forma de adquisición Costo Total Renewals
22/09/2016 3 333.72 L493s 100129321 03/12/2025 5a. Ed. Ej.2 03/02/2013 Libro   DEWEY     Libro   Claustro Claustro 4to piso 28/02/2013 Compra 82025.00  
06/04/2022 16 333.72 L493s 100102191 03/12/2025 5a. Ed. Ej.1 03/02/2013 Libro   DEWEY     Libro   Claustro Claustro 4to piso 28/02/2013 Compra 83000.00 12